Multiple comparison procedures

Αποθηκεύτηκε σε:
Λεπτομέρειες βιβλιογραφικής εγγραφής
Κύριος συγγραφέας: Toothaker, Larry E.
Μορφή: Βιβλίο
Γλώσσα:English
Δημοσίευση: London : Sage Publications, c1993
Σειρά:Sage university papers series. Quantitative applications in the social sciences ; ; 89
Θέματα:
Ετικέτες: Προσθήκη ετικέτας
Δεν υπάρχουν, Καταχωρήστε ετικέτα πρώτοι!

MARC

LEADER 00000nam a2200000 i 4500
001 1/17958
008 981014s1993 eng d
020 |a 0-8039-4177-3 
035 |l 10020743 
040 |a GR-MY-UA  |b gre  |e aacr 
041 0 |a eng 
082 0 |a 519.535 
100 1 |a Toothaker, Larry E. 
245 1 0 |a Multiple comparison procedures /  |c Larry E. Toothaker 
260 |a London :   |b Sage Publications,   |c c1993 
300 |a 95 p.  |b tabl.; fig. 
490 1 |a Sage university papers series. Quantitative applications in the social sciences  |v ; 89 
504 |a Includes bibliographical references 
650 0 0 |a Multiple comparisons (Statistics) 
830 0 |a Sage university papers series. Quantitative applications in the social sciences ;  |v ; 89 
852 |a INST  |b LESVOS  |e 19981014  |h 519.535 TOO  |p 005100018269  |q 005100018269  |t BK  |y 0 
901 |a BIBL-1999-1 
909 |a Λ  |b 059611 
922 |a 1ΕΛΗ  |b 199809  |c ΚΠΣ/ΤΓ  |d ΠΑΠΑΣΩΤΗΡΙΟΥ 
950 |a 118-1998-07-23